| 000 | 00361nam a2200145Ia 4500 | ||
|---|---|---|---|
| 008 | 150201s2004 xx 000 0 und d | ||
| 082 |
_a617.643 _bF2004A |
||
| 100 | _aARNETT,G.WILLIAM | ||
| 245 | _aFACIAL & DENTAL PLANING OF ORTHODONTICS | ||
| 250 | _a1ST | ||
| 260 |
_bMOSBY _aNEW DELHI _c2004 |
||
| 300 | _a1-320 | ||
| 650 | _aORTHODONTICS | ||
| 942 |
_2ddc _cBK |
||
| 999 |
_c3885 _d3885 |
||